Los restos de Manuel Rodríguez, el mártir de Tiltil. 1818, 1895: Recopilación oficial de todas las piezas que componen el espediente formado por el Comité Popular para identificarlos. Con láminas y un plano

Bewaard in:
Bibliografische gegevens
Coauteur: Comité Patriótico Popular (Auteur)
Formaat: Boek
Taal:Spaans
Gepubliceerd in: Santiago Imprenta Benjamín Vicuña Mackenna, calle de San Diego 91 1895
Editie:1a. ed
Onderwerpen:
Tags: Voeg label toe
Geen labels, Wees de eerste die dit record labelt!

MARC

LEADER 00000nam a2200000 a 4500
001 UCJ4793
003 CL-VaPUC
008 070124e18950000CL |||||||||||||||||spa|d
082 0 4 |a 983  |b COM  |2 21 
110 2 |a Comité Patriótico Popular  |e author  |9 509128 
245 1 4 |a Los restos de Manuel Rodríguez, el mártir de Tiltil. 1818, 1895: Recopilación oficial de todas las piezas que componen el espediente formado por el Comité Popular para identificarlos. Con láminas y un plano 
250 |a 1a. ed 
300 |a 256 p 
942 |c BK 
945 |d 20070124 00:00:00  |a rinostro 
260 |a Santiago  |b Imprenta Benjamín Vicuña Mackenna, calle de San Diego 91  |c 1895 
500 |a De las ilustraciones citadas en el índice, no figura el plano de la capilla de Tiltil 
600 0 |a Barros Arana, Diego  |9 316241 
600 0 |a Vicuña Mackenna, Benjamín,  |d 1831-1886  |x Político e historiador   |z Chile   |9 374 
600 0 7 |a AMUNATEGUI, MIGUEL LUIS  |2 CL-VaPUC  |9 506140 
600 0 7 |a BULNES, GONZALO  |2 CL-VaPUC  |9 504814 
600 0 7 |a RODRIGUEZ, MANUEL  |2 CL-VaPUC  |9 309076 
600 0 7 |a ROSALES, JUSTO ABEL  |2 CL-VaPUC  |9 508892 
650 0 |a Homenajes  |9 258192 
650 7 |a DOCUMENTOS HISTORICOS  |2 CL-VaPUC  |9 438868 
650 0 |a Monumentos  |9 265246 
650 7 |a EXPEDIENTES JUDICIALES  |2 CL-VaPUC  |9 509129 
650 0 |a Ilustraciones  |9 369481 
651 7 |a TILTIL  |2 CL-VaPUC  |9 507123 
583 |a last modification  |c 20130515 01:22:41  |k Rodrigo Vera 
999 |c 320908  |d 320906 
952 |0 0  |1 0  |4 0  |6 983_000000000000000_COM_1895  |7 0  |8 X  |9 399540  |a FDOBUD  |b FDOBUD  |d 2019-11-22  |i 1026062  |o 983 COM 1895  |p 1026062  |r 2019-11-22  |w 2019-11-22  |y BK_X  |k BUD